| 000 | 01286nam a2200349Ia 4500 | ||
|---|---|---|---|
| 001 | ebr10150550 | ||
| 003 | CaPaEBR | ||
| 006 | m u | ||
| 007 | cr cn||||||||| | ||
| 008 | 060706s2006 enkaf sb 001 0 eng d | ||
| 015 |
_aGBA660430 _2bnb |
||
| 020 | _z0123735629 (pbk.) | ||
| 020 | _z0080464912 | ||
| 020 | _z9780123735621 (pbk.) | ||
| 040 |
_aCaPaEBR _cCaPaEBR |
||
| 035 | _a(OCoLC)162130440 | ||
| 050 | 1 | 4 |
_aTL1050 _b.M63 2006eb |
| 082 | 0 | 4 |
_a629.41 _222 |
| 245 | 0 | 0 |
_aModern astrodynamics _h[electronic resource] / _cedited by Pini Gurfil. |
| 260 |
_aOxford : _bAcademic, _c2006. |
||
| 300 |
_axiii, 283 p., [8] p. of plates : _bill. (some col.). |
||
| 490 | 1 | _aElsevier astrodynamics series | |
| 504 | _aIncludes bibliographical references and index. | ||
| 533 |
_aElectronic reproduction. _bPalo Alto, Calif. : _cebrary, _d2009. _nAvailable via World Wide Web. _nAccess may be limited to ebrary affiliated libraries. |
||
| 650 | 0 | _aAstrodynamics. | |
| 650 | 0 | _aAstrophysics. | |
| 655 | 7 |
_aElectronic books. _2local |
|
| 700 | 1 | _aGurfil, Pini. | |
| 710 | 2 | _aebrary, Inc. | |
| 830 | 0 | _aElsevier astrodynamics series. | |
| 856 | 4 | 0 |
_uhttp://site.ebrary.com/lib/rucke/Doc?id=10150550 _zAn electronic book accessible through the World Wide Web; click to view |
| 999 |
_c201851 _d201851 |
||